00682nam a2200205 a 4500008004100000090001500041100002300056245004600079260003800125300003200163907003500195999002900230999001800259003000100277005001700278040000900295049000900304942002200313952014100335  aPR6007.U761 aDurrell, Lawrence.10aJustine,ba novel /cby Lawrence Durrell. aLondon :bFaber and Faber,c1957. a253, [1] p., 1 l. ;c21 cm. a.b10144547b21-12-04c21-12-04 aLocal CMc156309d156309 aMAINc(24193)20230123133902.0 cNUST aMAIN cBOOKSkPR6007.U76 r2023-01-23 00:00:00l0oPR6007.U76 DURp92003029317v80.00w2023-01-23yBOOKS102LCC40708NFIC00aMAINbMAINcGENd2023-01-23g80.00